00311nam a2200133Ia 45000030006000000080041000060400015000471000026000622450040000882500011001282600009001395460012001480050017001600STCL150530s9999 xx 000 0 und d aSTCLcSTCL aFrank William Taussig aSome aspects of the tariff question aSecond c1918 aEnglish20220125165516.0